Statistics for Countries Symbolized in a Halloween Scene

Click here to take the quiz!

General Stats

  • This quiz has been taken 93 times
  • The average score is 7 of 14

Answers on the Map

Answers color-coded by a green-red scale on the quiz's map according to % correct below.
 

Answer Stats

Answer% Correct
Australia
92%
Cambodia
83%
Lebanon
67%
Albania
65%
Iraq
58%
Slovakia
54%
Malta
52%
Algeria
45%
Switzerland
42%
Lesotho
27%
Vatican City
24%
South Korea
20%
San Marino
14%
Timor Leste
13%

Score Distribution

Percentile by Number Answered

Percent of People with Each Score

Your Score History

You have not taken this quiz